| 000 | 00518nam a2200193Ia 4500 | ||
|---|---|---|---|
| 005 | 20250522104146.0 | ||
| 008 | 008 250516s9999 xx 000 0 eng d | ||
| 020 | _a9789358529050 | ||
| 040 |
_aSDCL _beng _cSDCL |
||
| 041 |
_aeng _2eng |
||
| 084 |
_aV2'L, R4 _qSDCL |
||
| 100 |
_aJoshi, Harit _9734894 |
||
| 245 | 0 |
_aCeremonial of power : _bThe mughal empire under Shah Jahan |
|
| 260 |
_aDelhi: _bPrimus Books, _c2024. |
||
| 300 | _axiii,503p. | ||
| 365 |
_aINR _b1995 |
||
| 650 | _aHistory | ||
| 942 | _cTEXL | ||
| 999 |
_c1429361 _d1429361 |
||